000 00754cam a2200241 4500
001 M91544
008 090401t1998 xxu||||| |||| 00| 0 eng d
035 _a(Sirsi) u99378
041 _aeng
110 _aRoyal Institution of Chartered Surveyors
_94900
245 _aHouse of Commons Agriculture Select Committee inquiry : the UK beef industry.
260 _aLondon
_bRICS
_c1998
300 _a4p. ; 30cm.
350 _a0
490 _aRICS Policy Unit Submission
_vPU/SUB/005
520 _aPrepared in response to a request from the House of Commons Select Committee.
650 _aBEEF INDUSTRY
650 _aBSE
650 _aHOUSE OF COMMONS AGRICULTURE SELECT COMMITTEE
690 _aRURAL PRACTICE
942 _n0
948 _c07/05/1998
999 _c99287
_d99287